00293nam a2200109Ia 4500008004100000041000800041100001800049245006000067260002700127300000800154999002100162240521s1999 xx 000 0 und d aeng aLITTLEWOOD M. aLANDSCAPE DETAILING VOLL- II, SURFACES , IIIRD EDITION. bC.B.S PUBLISHERSc1999 a208 c1157874d1157874